000 01341nam a22003257a 4500
003 OSt
005 20220818125140.0
008 181121b my o||b |||| 00| 0 ara d
020 _a9786144083598
_qHardback
_cRM30.00
020 _a9786144084557
_cRM90.00
040 _aPPAK
_beng
_cPPAK
_erda
082 0 4 _a492.75
_223
090 _a492.75
_bTAA
_dRK
245 0 0 _aتعلم قواعد اللغة العربية =
_bLearn Arabic Grammar /
246 1 3 _aTaallam Qawā‘id al-lughah al-‘Arabīyah
264 4 _aBeirut :
_bDIGITAL FUTURE ,
_c[200?]
300 _a104 pages ;
_c20 cm +
_e1 audio disc (CD MP3) : digital, stereo ; 12 cm.
336 _2rdacontent
_atext
337 _2rdamedia
_aunmediated
338 _2rdacarrier
_avolume
490 1 _aSalasilah Ta'alim al-lughah al-‘Arabīyah lil Marhalah al abtadaayah
500 _aBook is accompanied one audio dics (CD MP3) electronic (MP3) and available at Multimedia Unit.
500 _aContents information on learning Arabic Grammar.
521 _aSuitable for primary and secondary school or beginner in Arabic Language.
546 _aIn Arabic Language
650 1 0 _aArabic language
_xGrammar
830 0 _aSalasilah Ta'alim al-lughah al-‘Arabīyah lil Marhalah al abtadaayah
880 0 0 _a
_6تعلم قواعد اللغة العربية
942 _2ddc
_cB
999 _c170270
_d170270